LEADER 01006cam0-2200337---450- 001 990004083520403321 005 20120312154218.0 010 $a2-08-211547-X 035 $a000408352 035 $aFED01000408352 035 $a(Aleph)000408352FED01 035 $a000408352 100 $a19990604d1993----km-y0itay50------ba 101 0 $afre 102 $aFR 105 $a--------001ed 200 1 $aCorrespondance$fGustave Flaubert, Guy de Maupassant$gtexte établi, préfacé et annoté par Yvan Leclerc 210 $a[Paris]$cFlammarion$d1993 215 $a513 p.$d22 cm 676 $a843.8 700 1$aFlaubert,$bGustave$f<1821-1880>$0142392 701 1$aMaupassant,$bGuy de$f<1850-1893>$0157925 702 1$aLeclerc,$bYvan 801 0$aIT$bUNINA$gRICA$2UNIMARC 901 $aBK 912 $a990004083520403321 952 $a843.8 FLAU 11(1)$bDip.f.m.10790$fFLFBC 952 $a843.8 FLAU 11(BIS)$bBibl.27197$fFLFBC 959 $aFLFBC 996 $aCorrespondance$9479845 997 $aUNINA LEADER 01299nam--2200385---450- 001 990001376110203316 005 20050623141717.0 035 $a000137611 035 $aUSA01000137611 035 $a(ALEPH)000137611USA01 035 $a000137611 100 $a20040128d19671964km-y0itay0103----ba 101 0 $ager 102 $aDE 105 $a||||||||001yy 200 1 $a<> Irrationalitatsproblem in der Asthetik und Logik des 18. Jahrhunderts bis zur Kritik der Urteilskraft$fAlfred Baeumler 210 $aDarmstadt$cWissenschaftliche Buchgesellschaft$d1967 215 $aX, 354 p.$d22 cm 410 0$12001 454 1$12001 461 1$1001-------$12001 700 1$aBAEUMLER,$bAlfred$0152562 801 0$aIT$bsalbc$gISBD 912 $a990001376110203316 951 $aII.1.D. 2485(IV C 1658)$b36418 L.M.$cIV C 959 $aBK 969 $aUMA 979 $aSIAV5$b10$c20040128$lUSA01$h1332 979 $aSIAV5$b10$c20040310$lUSA01$h1434 979 $aSIAV5$b10$c20040310$lUSA01$h1435 979 $aSIAV5$b10$c20040310$lUSA01$h1438 979 $aPATRY$b90$c20040406$lUSA01$h1737 979 $aCOPAT3$b90$c20050623$lUSA01$h1417 996 $aIrrationalitätsproblem in der Ästhetik und Logik des 18. Jahrhunderts bis zur Kritik der Urteilskraft$9180582 997 $aUNISA LEADER 01030nam0-22003731i-450 001 990001719760403321 005 20190524092827.0 010 $a88-206-2042-1 035 $a000171976 035 $aFED01000171976 035 $a(Aleph)000171976FED01 035 $a000171976 100 $a20030910d1984----km-y0itay50------ba 101 0 $aita 200 1 $a<>moderno coltivatore di piante legnose da frutto$epesco, susino, albicocco, olivo, melo, pero, vite$fAntonio Cortese 210 $aBologna$cEdagricole$d1984 215 $aIX, 289 p.$d21 cm 610 0 $aPesche 610 0 $aMele 610 0 $aFrutticoltura 610 0 $aViti 610 0 $aSusine 610 0 $aAlbicocche 610 0 $aOlive 610 0 $aPere 676 $a634 700 1$aCortese,$bAntonio$011422 801 0$aIT$bUNINA$gRICA$2UNIMARC 901 $aBK 912 $a990001719760403321 952 $a60 634 CORA 1984$b783$fFAGBC 959 $aFAGBC 996 $aModerno coltivatore di piante legnose da frutto$9360394 997 $aUNINA